[Event "Karlsruhe Grenke op"]
[Site "Karlsruhe"]
[Date "2024.03.31"]
[Round "7"]
[White "Cukrowski, Filip"]
[Black "Meskovs, Nikita"]
[Result "1-0"]
[WhiteElo "2394"]
[BlackElo "2556"]
[PlyCount "73"]
[EventDate "2024.03.28"]
[EventType "swiss"]
[EventRounds "9"]
[EventCountry "GER"]
[SourceTitle "CB14_2024"]
[SourceDate "2024.04.01"]
[SourceVersion "1"]
[SourceVersionDate "2024.04.01"]
[SourceQuality "1"]

1. d4 Nf6 2. c4 e6 3. Nf3 a6 4. Nbd2 d5 5. g3 Nc6 6. Bg2 Bd6 7. 0-0 0-0 8. Qc2 Re8 9. a3 Bf8 10. Rd1 g6 11. e4 dxe4 12. Nxe4 Nxe4 13. Qxe4 e5 14. Bg5 exd4 15. Qh4 Qd6 16. Nxd4 Nxd4 17. Rxd4 Qb6 18. Rd2 Bg7 19. Rad1 a5 20. Be3 Qf6 21. Bg5 Qa6 22. Qf4 c6 23. h4 Bf5 24. h5 Be5 25. Qh4 gxh5 26. Bf3 Bg6 27. Kg2 Bg7 28. b3 Qb6 29. Bxh5 Be4+ 30. f3 Bg6 31. Bxg6 hxg6 32. Rh1 Qc5 33. Qh7+ Kf8 34. Bh6 Bxh6 35. Qxh6+ Ke7 36. Qh4+ Kf8 37. Qh8+ 1-0

[Event "Krakow op-A 34th"]
[Site "Krakow"]
[Date "2024.01.03"]
[Round "8"]
[White "Dziewonski, Dariusz"]
[Black "Cukrowski, Filip"]
[Result "1/2-1/2"]
[WhiteElo "2224"]
[BlackElo "2402"]
[PlyCount "84"]
[EventDate "2023.12.27"]
[EventType "swiss"]
[EventRounds "9"]
[EventCountry "POL"]
[SourceTitle "CB02_2024"]
[SourceDate "2024.01.10"]
[SourceVersion "1"]
[SourceVersionDate "2024.01.10"]
[SourceQuality "1"]

1. e4 c5 2. Nf3 e6 3. d4 cxd4 4. Nxd4 Nc6 5. Nc3 Qc7 6. Be2 a6 7. Nxc6 bxc6 8. Qd3 Nf6 9. Qg3 Qxg3 10. hxg3 e5 11. g4 Bb4 12. Bd2 d6 13. f3 Be6 14. 0-0-0 Nd7 15. Kb1 a5 16. g5 0-0 17. g3 f5 18. gxf6 Nxf6 19. a3 Bc5 20. Na4 Bd4 21. Bc3 c5 22. Nb6 Ra7 23. Bc4 Bxc4 24. Nxc4 Bxc3 25. bxc3 Ne8 26. Nxd6 Nxd6 27. Rxd6 Rxf3 28. Rd8+ Kf7 29. Rxh7 Rf1+ 30. Ka2 Rb7 31. Rhh8 Rc1 32. Rhf8+ Kg6 33. Rd6+ Kh7 34. Rf2 Rbb1 35. Rh2+ Kg8 36. Rd8+ Kf7 37. Rf2+ Kg6 38. Rd6+ Kh7 39. Rh2+ Kg8 40. Rd8+ Kf7 41. Rf2+ Kg6 42. Rd6+ Kh7 1/2-1/2

[Event "Krakow op-A 34th"]
[Site "Krakow"]
[Date "2024.01.02"]
[Round "6"]
[White "Kowalczyk, Pawel"]
[Black "Cukrowski, Filip"]
[Result "0-1"]
[WhiteElo "2295"]
[BlackElo "2402"]
[PlyCount "115"]
[EventDate "2023.12.27"]
[EventType "swiss"]
[EventRounds "9"]
[EventCountry "POL"]
[SourceTitle "CB02_2024"]
[SourceDate "2024.01.10"]
[SourceVersion "1"]
[SourceVersionDate "2024.01.10"]
[SourceQuality "1"]

1. a3 d5 2. d4 Nf6 3. Nf3 g6 4. Bf4 Bg7 5. e3 0-0 6. Nbd2 Nbd7 7. b4 Nh5 8. Bg5 Qe8 9. g4 Nhf6 10. Bf4 Nxg4 11. Bxc7 e5 12. h3 Nh6 13. Nb3 Nf5 14. Bb5 exd4 15. Nbxd4 Nxd4 16. Nxd4 Qe7 17. Bf4 Nf6 18. Qd3 Ne4 19. h4 a5 20. Rb1 axb4 21. axb4 h5 22. f3 Nd6 23. Kf2 Nf5 24. Ne2 Be6 25. Bg5 Qc7 26. Qd2 Ra3 27. Bd3 Qb6 28. Rhg1 Re8 29. c3 Qa7 30. Rb2 Nd6 31. Nd4 Qb6 32. Ra2 Rxa2 33. Qxa2 Nc4 34. Qc2 Ne5 35. Be2 Rc8 36. Bf4 Bd7 37. Rg5 Nc6 38. Nb5 Ne7 39. Nd6 Rc6 40. Nb5 Rc8 41. Nd6 Rxc3 42. Qa2 Qxb4 43. Qa8+ Nc8 44. Rxd5 Rc1 45. Rd1 Rxd1 46. Bxd1 Qd2+ 47. Be2 Bc3 48. Nxc8 Qe1+ 49. Kg2 Qxe2+ 50. Kg1 Qd1+ 51. Kg2 Qc2+ 52. Kg1 Qb1+ 53. Kg2 Qb2+ 54. Kg1 Qa1+ 55. Qxa1 Bxa1 56. Nb6 Be6 57. Kf2 Bf6 58. Ke2 0-1

[Event "POL-chT 1st League"]
[Site "Leba"]
[Date "2023.09.24"]
[Round "2.7"]
[White "Chojnacki, Slawomir"]
[Black "Cukrowski, Filip"]
[Result "0-1"]
[WhiteElo "2196"]
[BlackElo "2402"]
[PlyCount "54"]
[EventDate "2023.09.23"]
[EventType "team-swiss"]
[EventRounds "9"]
[EventCountry "POL"]
[SourceTitle "EXT 2024"]
[Source "ChessBase"]
[SourceDate "2023.10.10"]
[SourceVersion "1"]
[SourceVersionDate "2023.10.10"]
[SourceQuality "1"]
[WhiteTeam "Chroscice Victoria"]
[BlackTeam "Opole Rodlo"]
[WhiteTeamCountry "POL"]
[BlackTeamCountry "POL"]

1. d4 Nf6 2. Nf3 e6 3. Bf4 b6 4. e3 Bb7 5. Nbd2 Be7 6. Bd3 c5 7. c3 Nh5 8. Bg3 Nc6 9. Qe2 0-0 10. Ne5 g6 11. Be4 cxd4 12. exd4 f5 13. Nxc6 dxc6 14. Bf3 f4 15. Bxh5 gxh5 16. Qxe6+ Kh8 17. Qe5+ Bf6 18. Qxf4 h4 19. Qc7 hxg3 20. Qxb7 Qe8+ 21. Kd1 gxf2 22. Qc7 Qh5+ 23. Nf3 Qb5 24. Kc2 Rae8 25. Rad1 Re2+ 26. Nd2 Bg5 27. Qd6 Qf5+ 0-1

[Event "Suwalki Warakomska Memorial 7th"]
[Site "Suwalki"]
[Date "2023.08.10"]
[Round "5"]
[White "Cukrowski, Filip"]
[Black "Kozak, Antoni"]
[Result "1/2-1/2"]
[WhiteElo "2398"]
[BlackElo "2422"]
[PlyCount "105"]
[EventDate "2023.08.07"]
[EventType "swiss"]
[EventRounds "9"]
[EventCountry "POL"]
[SourceTitle "CBM 215 Extra"]
[Source "ChessBase"]
[SourceDate "2023.09.30"]
[SourceVersion "1"]
[SourceVersionDate "2023.09.30"]
[SourceQuality "1"]

1. d4 d5 2. c4 e6 3. Nf3 Nf6 4. g3 Bb4+ 5. Nbd2 dxc4 6. a3 Bxd2+ 7. Bxd2 b5 8. a4 c6 9. Bg2 Bb7 10. b3 a5 11. bxc4 b4 12. c5 Ne4 13. 0-0 Nxd2 14. Qxd2 Nd7 15. e4 e5 16. Rfd1 0-0 17. Rac1 Qe7 18. d5 Nf6 19. d6 Qe6 20. Qb2 Nd7 21. h4 f6 22. Nd2 Ba6 23. Kh2 Be2 24. Re1 Bh5 25. Bh3 Bg4 26. Bxg4 Qxg4 27. f3 Qh5 28. Kg2 Kh8 29. Qb3 Rae8 30. Qe3 Ra8 31. Rh1 Rfd8 32. Qb3 Nf8 33. Nf1 Qe8 34. Ne3 Ne6 35. Nf5 g6 36. Ne7 Nd4 37. Qe3 Ra7 38. f4 Rxe7 39. dxe7 Qxe7 40. fxe5 fxe5 41. Rhf1 Kg7 42. Rf2 Rf8 43. Rxf8 Qxf8 44. h5 h6 45. hxg6 Kxg6 46. Qf2 Qe7 47. Rf1 Kg7 48. g4 Ne6 49. Qf5 Nf4+ 50. Kg3 Qxc5 51. Qd7+ Kg6 52. Qf5+ Kg7 53. Qd7+ 1/2-1/2

[Event "Suwalki Warakomska Memorial 7th"]
[Site "Suwalki"]
[Date "2023.08.09"]
[Round "4"]
[White "Mahitosh, Dey"]
[Black "Cukrowski, Filip"]
[Result "0-1"]
[WhiteElo "2240"]
[BlackElo "2398"]
[PlyCount "98"]
[EventDate "2023.08.07"]
[EventType "swiss"]
[EventRounds "9"]
[EventCountry "POL"]
[SourceTitle "CBM 215 Extra"]
[Source "ChessBase"]
[SourceDate "2023.09.30"]
[SourceVersion "1"]
[SourceVersionDate "2023.09.30"]
[SourceQuality "1"]

1. e4 c5 2. Nf3 e6 3. d4 cxd4 4. Nxd4 Nc6 5. Nc3 Qc7 6. Be3 a6 7. Qf3 Ne5 8. Qg3 h5 9. h4 Nf6 10. 0-0-0 d6 11. Nf3 Neg4 12. Bf4 e5 13. Bg5 b5 14. a3 Rb8 15. Ne1 Qb6 16. Nd3 Be6 17. Re1 Nd7 18. f3 Ngf6 19. f4 Rc8 20. f5 Bc4 21. Nb4 a5 22. Bxc4 axb4 23. Nd5 Qc5 24. Bb3 Nxd5 25. exd5 bxa3 26. Kb1 axb2 27. Kxb2 Be7 28. Bd2 Bf6 29. Re4 Ke7 30. Rhe1 Qc7 31. Rb4 Nc5 32. Rxb5 Rb8 33. Ba5 Qd7 34. Rxc5 dxc5 35. Rxe5+ Kf8 36. Bc3 Rh6 37. Kc1 Rc8 38. Bc4 Kg8 39. d6 Qxd6 40. Re8+ Rxe8 41. Qxd6 Bg5+ 42. hxg5 Rxd6 43. g6 Kf8 44. Bxf7 Re3 45. Kb2 Rb6+ 46. Bb3 c4 47. Bd4 Rexb3+ 48. cxb3 Rxb3+ 49. Kc2 Rg3 0-1

[Event "Warsaw Najdorf Memorial op-A"]
[Site "Warsaw"]
[Date "2023.07.18"]
[Round "8"]
[White "Gagare, Shardul"]
[Black "Cukrowski, Filip"]
[Result "1/2-1/2"]
[WhiteElo "2480"]
[BlackElo "2378"]
[PlyCount "37"]
[EventDate "2023.07.11"]
[EventType "swiss"]
[EventRounds "9"]
[EventCountry "POL"]
[SourceTitle "EXT 2024"]
[Source "ChessBase"]
[SourceDate "2023.10.10"]
[SourceVersion "1"]
[SourceVersionDate "2023.10.10"]
[SourceQuality "1"]

1. d4 d5 2. c4 c6 3. Nf3 Nf6 4. g3 a6 5. b3 Bf5 6. Bg2 h6 7. 0-0 e6 8. Nc3 Be7 9. Nd2 0-0 10. Bb2 Nbd7 11. a3 Re8 12. b4 b5 13. c5 Qc7 14. a4 e5 15. axb5 axb5 16. Nb3 e4 17. Rxa8 Rxa8 18. f3 exf3 19. Bxf3 1/2-1/2

[Event "Warsaw Maciei Memorial"]
[Site "Warsaw"]
[Date "2023.07.10"]
[Round "3"]
[White "Cukrowski, Filip"]
[Black "Jakubowska, Anna"]
[Result "0-1"]
[WhiteElo "2378"]
[BlackElo "2139"]
[PlyCount "116"]
[EventDate "2023.07.10"]
[EventType "swiss (blitz)"]
[EventRounds "11"]
[EventCountry "POL"]
[SourceTitle "CBM 215 Extra"]
[Source "ChessBase"]
[SourceDate "2023.09.30"]
[SourceVersion "1"]
[SourceVersionDate "2023.09.30"]
[SourceQuality "1"]

1. d4 d5 2. c4 c6 3. Nc3 Nf6 4. Nf3 e6 5. g3 Be7 6. Bg2 0-0 7. 0-0 b6 8. Qc2 Ba6 9. cxd5 cxd5 10. Rd1 Nbd7 11. Qa4 Bb7 12. Bf4 Ne4 13. Nb5 a6 14. Nc3 b5 15. Qb3 Nxc3 16. Qxc3 Rc8 17. Qb3 Nb6 18. Ne5 Nc4 19. a4 b4 20. Rac1 Nxe5 21. Bxe5 Qd7 22. Qa2 Rxc1 23. Rxc1 Rc8 24. Rxc8+ Qxc8 25. Qb1 b3 26. Bf4 Qc4 27. Qc1 Qxc1+ 28. Bxc1 Bc6 29. e3 Bxa4 30. Bf1 a5 31. Bd2 Bd8 32. Be2 Bc6 33. Kf1 Kf8 34. Ke1 Ke8 35. Bd1 a4 36. Bb4 Be7 37. Bxe7 Kxe7 38. Kd2 Kd7 39. Kc3 Kc7 40. Kb4 Kb6 41. f3 Bb5 42. e4 dxe4 43. fxe4 Bc6 44. e5 f6 45. Bg4 f5 46. Be2 Bd7 47. h4 g6 48. Bc4 h6 49. d5 exd5 50. Bxd5 g5 51. hxg5 hxg5 52. Bf7 f4 53. gxf4 gxf4 54. e6 Bc6 55. e7 f3 56. e8Q Bxe8 57. Bxe8 f2 58. Bb5 a3 0-1

[Event "Warsaw Maciei Memorial"]
[Site "Warsaw"]
[Date "2023.07.10"]
[Round "10"]
[White "Taranowicz, Michal"]
[Black "Cukrowski, Filip"]
[Result "0-1"]
[WhiteElo "2005"]
[BlackElo "2378"]
[PlyCount "80"]
[EventDate "2023.07.10"]
[EventType "swiss (blitz)"]
[EventRounds "11"]
[EventCountry "POL"]
[SourceTitle "CBM 215 Extra"]
[Source "ChessBase"]
[SourceDate "2023.09.30"]
[SourceVersion "1"]
[SourceVersionDate "2023.09.30"]
[SourceQuality "1"]

1. e4 c5 2. Nf3 e6 3. d4 cxd4 4. Nxd4 Nc6 5. Nc3 Qc7 6. Nxc6 bxc6 7. Bd3 d5 8. 0-0 Nf6 9. Re1 Be7 10. e5 Nd7 11. f4 Ba6 12. Bxa6 Qb6+ 13. Kh1 Qxa6 14. f5 c5 15. Qh5 d4 16. Ne4 g6 17. fxg6 fxg6 18. Qh6 0-0-0 19. Bg5 Bxg5 20. Qxg5 Kc7 21. Nd6 Nxe5 22. Rxe5 Qxd6 23. Rxc5+ Kb7 24. Re1 Rhf8 25. Rce5 Rf5 26. Qg3 Qxe5 27. Qxe5 Rxe5 28. Rxe5 Rd6 29. Kg1 Rc6 30. Re2 Kc7 31. Kf2 Kd6 32. Kf3 Kd5 33. Rd2 e5 34. b3 e4+ 35. Ke2 e3 36. c4+ Ke4 37. Rd1 Rf6 38. c5 d3+ 39. Ke1 e2 40. Rc1 Ke5 0-1

[Event "Bydgoszcz op-A"]
[Site "Bydgoszcz"]
[Date "2023.06.28"]
[Round "5"]
[White "Kazakouski, Valery"]
[Black "Cukrowski, Filip"]
[Result "1/2-1/2"]
[WhiteElo "2538"]
[BlackElo "2378"]
[PlyCount "82"]
[EventDate "2023.06.24"]
[EventType "swiss"]
[EventRounds "9"]
[EventCountry "POL"]
[SourceTitle "CBM 215 Extra"]
[Source "ChessBase"]
[SourceDate "2023.09.30"]
[SourceVersion "1"]
[SourceVersionDate "2023.09.30"]
[SourceQuality "1"]

1. d4 Nf6 2. c4 e6 3. Nf3 d5 4. g3 Bb4+ 5. Bd2 Be7 6. Bg2 0-0 7. 0-0 Nbd7 8. Qc2 Ne4 9. Nc3 Nxd2 10. Nxd2 c6 11. e3 Rb8 12. Rfc1 dxc4 13. a4 e5 14. d5 cxd5 15. Nxd5 Nf6 16. Nxf6+ Bxf6 17. Nxc4 Be6 18. Rd1 Qc7 19. Bd5 Bg4 20. f3 Bd7 21. Rac1 b5 22. Nd6 Qb6 23. Qe4 bxa4 24. Nxf7 Be6 25. Nxe5 Bxd5 26. Qxd5+ Kh8 27. Nc4 Qb4 28. Nd6 Qb3 29. Rc7 Qxe3+ 30. Kh1 h6 31. Nf7+ Rxf7 32. Rxf7 Rd8 33. Qxd8+ Bxd8 34. Rxd8+ Kh7 35. Rd1 Qb3 36. Rdd7 Qxb2 37. Rb7 Qa1+ 38. Kg2 a3 39. Rxa7 Qb2+ 40. Kh3 a2 41. Rxg7+ Qxg7 1/2-1/2

[Event "Cappelle op 39th"]
[Site "Cappelle la Grande"]
[Date "2023.02.22"]
[Round "6"]
[White "Enchev, Ivajlo"]
[Black "Cukrowski, Filip"]
[Result "1/2-1/2"]
[WhiteElo "2444"]
[BlackElo "2375"]
[PlyCount "73"]
[EventDate "2023.02.18"]
[EventType "swiss"]
[EventRounds "9"]
[EventCountry "FRA"]
[SourceTitle "CBM 213 Extra"]
[Source "ChessBase"]
[SourceDate "2023.05.31"]
[SourceVersion "1"]
[SourceVersionDate "2023.05.31"]
[SourceQuality "1"]

1. d4 Nf6 2. c4 e6 3. g3 d5 4. Nf3 Be7 5. Bg2 0-0 6. 0-0 dxc4 7. Qc2 a6 8. a4 b6 9. Ne5 Ra7 10. Rd1 Bb7 11. Bxb7 Rxb7 12. Qxc4 c5 13. Nc3 cxd4 14. Rxd4 Qc7 15. Qxc7 Rxc7 16. Bf4 Rcc8 17. Rc4 Nfd7 18. Rxc8 Rxc8 19. Nxd7 Nxd7 20. Rd1 Nc5 21. Bd6 Kf8 22. Kg2 Ke8 23. Bxe7 Kxe7 24. Rd4 Nb7 25. Rh4 h6 26. Rg4 g6 27. Rh4 h5 28. Rb4 Rc6 29. Kf3 Nd6 30. Ke3 Rc4 31. Rb3 Kd7 32. Kd3 Kc6 33. Ra3 Kc5 34. Ra1 Kb4 35. Ra3 Kc5 36. Ra1 Kb4 37. Ra3 1/2-1/2

[Event "EU-ch Rapid"]
[Site "Katowice"]
[Date "2022.12.17"]
[Round "4"]
[White "Klekowski, Maciej"]
[Black "Cukrowski, Filip"]
[Result "1-0"]
[WhiteElo "2477"]
[BlackElo "2402"]
[PlyCount "55"]
[EventDate "2022.12.17"]
[EventType "swiss (rapid)"]
[EventRounds "11"]
[EventCountry "POL"]
[SourceTitle "CBM 211 Extra"]
[Source "ChessBase"]
[SourceDate "2023.01.31"]
[SourceVersion "1"]
[SourceVersionDate "2023.01.31"]
[SourceQuality "1"]

1. c4 Nf6 2. Nf3 c5 3. g3 b6 4. Bg2 Bb7 5. 0-0 g6 6. Nc3 Qc8 7. d3 Bg7 8. e4 d6 9. h3 0-0 10. Be3 Nc6 11. Rc1 Nd7 12. Qd2 Re8 13. Nh4 Nd4 14. f4 e6 15. Nf3 f5 16. Bxd4 cxd4 17. Nb5 Qc6 18. exf5 gxf5 19. Nh4 d5 20. Nxf5 Nc5 21. Nxg7 Kxg7 22. b4 Na6 23. f5 Qd7 24. Nxd4 e5 25. Ne6+ Kh8 26. cxd5 Bxd5 27. Bxd5 Qxd5 28. Qh6 1-0

[Event "EU-ch Rapid"]
[Site "Katowice"]
[Date "2022.12.17"]
[Round "6"]
[White "Oleksienko, Mikhailo"]
[Black "Cukrowski, Filip"]
[Result "1-0"]
[WhiteElo "2594"]
[BlackElo "2402"]
[PlyCount "61"]
[EventDate "2022.12.17"]
[EventType "swiss (rapid)"]
[EventRounds "11"]
[EventCountry "POL"]
[SourceTitle "CBM 211 Extra"]
[Source "ChessBase"]
[SourceDate "2023.01.31"]
[SourceVersion "1"]
[SourceVersionDate "2023.01.31"]
[SourceQuality "1"]

1. e4 e5 2. Nf3 Nc6 3. Bb5 Nf6 4. 0-0 Nxe4 5. d4 Nd6 6. dxe5 Nxb5 7. a4 d6 8. e6 Nbd4 9. exf7+ Kxf7 10. Nxd4 Nxd4 11. Qxd4 Be7 12. Re1 c6 13. Ra3 Bf6 14. Qf4 Be6 15. Rae3 Re8 16. Nd2 g5 17. Qb4 Qb6 18. Qxd6 Rad8 19. Qg3 Bd5 20. Qh3 Rxe3 21. Qxh7+ Kf8 22. Rxe3 Qd4 23. h3 Qxa4 24. Qg6 Qf4 25. g3 Qd6 26. Ne4 Bxe4 27. Rxe4 Be7 28. Qh7 Qf6 29. Kg2 Rd5 30. h4 gxh4 31. Rf4 1-0

[Event "EU-ch Blitz"]
[Site "Katowice"]
[Date "2022.12.16"]
[Round "3"]
[White "Choina, Adam"]
[Black "Cukrowski, Filip"]
[Result "0-1"]
[WhiteElo "1886"]
[BlackElo "2402"]
[PlyCount "56"]
[EventDate "2022.12.16"]
[EventType "swiss (blitz)"]
[EventRounds "22"]
[EventCountry "POL"]
[SourceTitle "CBM 211 Extra"]
[Source "ChessBase"]
[SourceDate "2023.01.31"]
[SourceVersion "1"]
[SourceVersionDate "2023.01.31"]
[SourceQuality "1"]

1. e4 c6 2. Nf3 d5 3. Nc3 d4 4. Ne2 c5 5. c3 Bg4 6. Ne5 Nh6 7. Nxg4 Nxg4 8. cxd4 cxd4 9. Qa4+ Nc6 10. d3 e6 11. Bd2 Be7 12. Ng3 h5 13. Be2 Nf6 14. Qb5 Qb6 15. Qxb6 axb6 16. Rf1 Bb4 17. f4 h4 18. Nh1 Ke7 19. Nf2 Rhc8 20. e5 Nd5 21. Ne4 Ne3 22. Bxb4+ Nxb4 23. Kf2 Nxf1 24. Rxf1 Rxa2 25. Bf3 Rxb2+ 26. Kg1 Nxd3 27. Rd1 Rc1 28. Rxc1 Nxc1 0-1

[Event "EU-ch Blitz"]
[Site "Katowice"]
[Date "2022.12.16"]
[Round "8"]
[White "Cukrowski, Filip"]
[Black "Mastrovasilis, Dimitrios"]
[Result "0-1"]
[WhiteElo "2402"]
[BlackElo "2605"]
[PlyCount "54"]
[EventDate "2022.12.16"]
[EventType "swiss (blitz)"]
[EventRounds "22"]
[EventCountry "POL"]
[SourceTitle "CBM 211 Extra"]
[Source "ChessBase"]
[SourceDate "2023.01.31"]
[SourceVersion "1"]
[SourceVersionDate "2023.01.31"]
[SourceQuality "1"]

1. e4 c5 2. Nf3 e6 3. c3 Nf6 4. e5 Nd5 5. d4 cxd4 6. cxd4 d6 7. Nc3 Nxc3 8. bxc3 Qc7 9. Bd2 Bd7 10. Bd3 Bc6 11. 0-0 Nd7 12. Re1 dxe5 13. dxe5 Be7 14. Qe2 Bxf3 15. Qxf3 Rd8 16. Qg3 g6 17. Bh6 a6 18. Qh3 Bf8 19. Bg5 Be7 20. Bh6 Nxe5 21. Be4 Bf6 22. f4 Nc4 23. f5 gxf5 24. Bxf5 Be5 25. Bxe6 Qb6+ 26. Kh1 Qxe6 27. Qh4 Rg8 0-1

[Event "EU-ch Blitz"]
[Site "Katowice"]
[Date "2022.12.16"]
[Round "14"]
[White "Jonsson, Gauti Pall"]
[Black "Cukrowski, Filip"]
[Result "0-1"]
[WhiteElo "2045"]
[BlackElo "2402"]
[PlyCount "130"]
[EventDate "2022.12.16"]
[EventType "swiss (blitz)"]
[EventRounds "22"]
[EventCountry "POL"]
[SourceTitle "CBM 211 Extra"]
[Source "ChessBase"]
[SourceDate "2023.01.31"]
[SourceVersion "1"]
[SourceVersionDate "2023.01.31"]
[SourceQuality "1"]

1. e4 e6 2. d3 d5 3. Nd2 c5 4. Ngf3 Nc6 5. g3 Nf6 6. Bg2 Be7 7. 0-0 0-0 8. Re1 dxe4 9. dxe4 e5 10. c3 h6 11. Qc2 Be6 12. Nf1 Qc7 13. Ne3 Rfd8 14. b3 b5 15. Bb2 c4 16. b4 a5 17. a3 Bf8 18. Nh4 g6 19. Red1 Rxd1+ 20. Rxd1 Rd8 21. Nd5 Bxd5 22. exd5 Ne7 23. Bc1 axb4 24. axb4 Nexd5 25. Re1 Bg7 26. Nf3 e4 27. Nd4 Qd7 28. Bb2 Re8 29. Bxe4 Nxe4 30. Rxe4 Rxe4 31. Qxe4 Bxd4 32. Qxd4 Qe6 33. Kg2 Nf6 34. f3 Qe2+ 35. Qf2 Qxf2+ 36. Kxf2 Nd5 37. f4 f6 38. Kf3 Kf7 39. Ke4 Ke6 40. g4 f5+ 41. gxf5+ gxf5+ 42. Kf3 Nf6 43. h3 Nd5 44. Ba1 Kf6 45. Bb2 Kg6 46. Ba1 Kh5 47. Kg3 Nf6 48. Bb2 Ne4+ 49. Kg2 Kh4 50. Ba1 Nf6 51. Bb2 Nd5 52. Ba1 Nxf4+ 53. Kf3 Nd5 54. Bb2 Kxh3 55. Bc1 Nxc3 56. Bxh6 Na2 57. Bg7 c3 58. Kf4 c2 59. Bb2 c1R 60. Bxc1 Nxc1 61. Kxf5 Nd3 62. Ke4 Nxb4 63. Kd4 Na6 64. Kc3 b4+ 65. Kc4 Kg4 0-1

[Event "EU-ch Blitz"]
[Site "Katowice"]
[Date "2022.12.16"]
[Round "15"]
[White "Kokol, Peter"]
[Black "Cukrowski, Filip"]
[Result "1-0"]
[WhiteElo "2347"]
[BlackElo "2402"]
[PlyCount "57"]
[EventDate "2022.12.16"]
[EventType "swiss (blitz)"]
[EventRounds "22"]
[EventCountry "POL"]
[SourceTitle "CBM 211 Extra"]
[Source "ChessBase"]
[SourceDate "2023.01.31"]
[SourceVersion "1"]
[SourceVersionDate "2023.01.31"]
[SourceQuality "1"]

1. e4 e6 2. d4 d5 3. Nc3 dxe4 4. Nxe4 Nd7 5. Nf3 a6 6. Be3 Ngf6 7. Nxf6+ Nxf6 8. Bd3 b6 9. Qe2 Bb7 10. 0-0-0 Be7 11. Kb1 0-0 12. Rhg1 Nd5 13. Bd2 Nb4 14. Bxb4 Bxb4 15. Ne5 Qe7 16. g4 Rfd8 17. g5 g6 18. c3 Bd6 19. h4 c5 20. Ng4 cxd4 21. Nf6+ Kg7 22. h5 Bf4 23. Qg4 e5 24. c4 Rd6 25. hxg6 hxg6 26. Rh1 Bxh1 27. Rxh1 Rxf6 28. Qh4 Rg8 29. Qh6# 1-0

[Event "EU-ch Blitz"]
[Site "Katowice"]
[Date "2022.12.16"]
[Round "19"]
[White "Kolesnikovs, Ivans"]
[Black "Cukrowski, Filip"]
[Result "1-0"]
[WhiteElo "2052"]
[BlackElo "2402"]
[PlyCount "113"]
[EventDate "2022.12.16"]
[EventType "swiss (blitz)"]
[EventRounds "22"]
[EventCountry "POL"]
[SourceTitle "CBM 211 Extra"]
[Source "ChessBase"]
[SourceDate "2023.01.31"]
[SourceVersion "1"]
[SourceVersionDate "2023.01.31"]
[SourceQuality "1"]

1. d4 Nf6 2. c4 e6 3. Nf3 b6 4. g3 Ba6 5. Qc2 Bb7 6. Bg2 Bb4+ 7. Nbd2 0-0 8. 0-0 Bxd2 9. Bxd2 d6 10. Rfe1 Be4 11. Qc3 Nbd7 12. Qe3 h6 13. h3 Re8 14. Bc3 Qe7 15. Rad1 Rad8 16. a3 Nf8 17. Nd2 Bxg2 18. Kxg2 Ng6 19. f4 d5 20. Qf3 Qd7 21. e4 dxe4 22. Nxe4 Nxe4 23. Qxe4 Ne7 24. Qe5 Ng6 25. Qe4 Ne7 26. g4 Nc8 27. d5 exd5 28. Rxd5 Rxe4 29. Rxd7 Rxd7 30. Rxe4 Nd6 31. Rd4 Kf8 32. b3 Ke7 33. Kf3 c5 34. Rd5 f6 35. g5 Ne8 36. gxf6+ gxf6 37. Rxd7+ Kxd7 38. Kg4 Ke6 39. f5+ Kf7 40. Bd2 Nd6 41. Bxh6 Nb7 42. Bd2 Nd6 43. h4 Ne4 44. Be3 Nc3 45. h5 Nb1 46. Bc1 Nc3 47. h6 Ne4 48. Be3 Nc3 49. Bf4 a6 50. Kf3 b5 51. Ke3 bxc4 52. bxc4 Nb1 53. Kd3 a5 54. Be3 Nxa3 55. Kc3 a4 56. Bxc5 Nb1+ 57. Kc2 1-0

[Event "EU-ch Blitz"]
[Site "Katowice"]
[Date "2022.12.16"]
[Round "6"]
[White "Saric, Ante"]
[Black "Cukrowski, Filip"]
[Result "1/2-1/2"]
[WhiteElo "2504"]
[BlackElo "2402"]
[PlyCount "134"]
[EventDate "2022.12.16"]
[EventType "swiss (blitz)"]
[EventRounds "22"]
[EventCountry "POL"]
[SourceTitle "CBM 211 Extra"]
[Source "ChessBase"]
[SourceDate "2023.01.31"]
[SourceVersion "1"]
[SourceVersionDate "2023.01.31"]
[SourceQuality "1"]

1. Nf3 Nf6 2. g3 g6 3. b3 Bg7 4. Bb2 0-0 5. Bg2 c6 6. 0-0 d5 7. c4 Nbd7 8. d4 a6 9. Nbd2 Re8 10. Qc2 Nf8 11. e4 dxe4 12. Nxe4 Nxe4 13. Qxe4 Bf5 14. Qe3 Qc8 15. Rfe1 Nd7 16. Rad1 Nf6 17. Ba3 h6 18. Qf4 e6 19. Ne5 g5 20. Qc1 Nd7 21. Bd6 Nxe5 22. dxe5 Bg6 23. c5 Qd8 24. Qc3 a5 25. Be4 g4 26. Bxg6 fxg6 27. Qe3 h5 28. Kg2 Kh7 29. h3 gxh3+ 30. Kxh3 Bh6 31. Qe2 Qg5 32. Kg2 a4 33. b4 a3 34. Rd4 Qf5 35. Red1 Rg8 36. Qe4 Qxe4+ 37. Rxe4 Rg7 38. b5 Rf7 39. bxc6 bxc6 40. Rb1 g5 41. f3 Kg6 42. Rb6 Rc8 43. Ra4 Kf5 44. Rxa3 g4 45. Rab3 Rg8 46. Rb8 Rfg7 47. Rxg8 Rxg8 48. a4 gxf3+ 49. Rxf3+ Ke4 50. a5 h4 51. Ra3 hxg3 52. Rxg3 Ra8 53. Rg6 Bf4 54. Rxe6 Rxa5 55. Rf6 Ra2+ 56. Kf1 Ra1+ 57. Ke2 Ra2+ 58. Kd1 Kd3 59. Ke1 Re2+ 60. Kf1 Bxe5 61. Rf3+ Kd2 62. Rf2 Rxf2+ 63. Kxf2 Bd4+ 64. Kf3 Kd3 65. Be7 Kc4 66. Ke2 Bxc5 67. Bf6 Bd4 1/2-1/2

[Event "POL-ch sf"]
[Site "Karpacz"]
[Date "2022.12.11"]
[Round "9"]
[White "Cukrowski, Filip"]
[Black "Sabuk, Piotr"]
[Result "0-1"]
[WhiteElo "2402"]
[BlackElo "2430"]
[PlyCount "96"]
[EventDate "2022.12.03"]
[EventType "swiss"]
[EventRounds "9"]
[EventCountry "POL"]
[SourceTitle "CBM 211 Extra"]
[Source "ChessBase"]
[SourceDate "2023.01.31"]
[SourceVersion "1"]
[SourceVersionDate "2023.01.31"]
[SourceQuality "1"]

1. d4 Nf6 2. Nf3 e6 3. c4 b6 4. g3 Ba6 5. Qc2 Bb7 6. Bg2 c5 7. d5 exd5 8. cxd5 Nxd5 9. 0-0 Nc6 10. Rd1 Be7 11. Qf5 Nf6 12. e4 g6 13. Qf4 0-0 14. e5 Nh5 15. Qc4 Qc7 16. Nc3 Nxe5 17. Nxe5 Bxg2 18. Bh6 d5 19. Qe2 Be4 20. Bxf8 Bxf8 21. f3 Qxe5 22. fxe4 d4 23. Nd5 Re8 24. Re1 Bg7 25. Qf3 Nf6 26. Rf1 Re6 27. Rae1 h5 28. b3 Rc6 29. h3 b5 30. Qf4 Qxf4 31. Nxf4 Nd7 32. Nd5 Kf8 33. Kf2 Be5 34. g4 h4 35. Ke2 Ra6 36. a4 bxa4 37. Kd3 axb3 38. Ra1 Rc6 39. Kc4 a6 40. Rab1 Bd6 41. Kxb3 c4+ 42. Kc2 Nc5 43. Rfe1 Be5 44. Rec1 Nxe4 45. Rb6 d3+ 46. Kb1 Rc5 47. Ne3 Nd2+ 48. Ka2 Ra5# 0-1